Κοινωνιολογία

Αποθηκεύτηκε σε:
Λεπτομέρειες βιβλιογραφικής εγγραφής
Κύριος συγγραφέας: Giddens, Anthony
Άλλοι συγγραφείς: Τσαούσης, Δημήτριος Γ., 1931- (Μεταφραστής, Επιμελητής έκδοσης)
Μορφή: Βιβλίο
Γλώσσα:Greek
English
Δημοσίευση: Αθήνα : Gutenberg, c2002.
Σειρά:Βιβλιοθήκη κοινωνικής επιστήμης και κοινωνικής πολιτικής
Θέματα:
Ετικέτες: Προσθήκη ετικέτας
Δεν υπάρχουν, Καταχωρήστε ετικέτα πρώτοι!

MARC

LEADER 00000cam a2200000 i 4500
001 1/42130
008 031013s2002 gr | ||| |||| ||gre||
020 |a 9600109222 
035 |l 10071115 
040 |a GR-MyUa  |b gre  |e AACR2 
041 1 |a gre  |h eng 
082 7 |a 301   |2 (21) 
100 1 |a Giddens, Anthony. 
245 1 0 |a Κοινωνιολογία /   |c Άντονυ Γκίντενς ; μετάφραση και επιμέλεια: Δ. Γ. Τσαούσης.  
260 |a Αθήνα :   |b Gutenberg,   |c c2002.  
300 |a 758 σ. :   |b έγχρ. εικ. ;   |c 25 εκ. 
490 1 |a (Βιβλιοθήκη κοινωνικής επιστήμης και κοινωνικής πολιτικής) 
500 |a Μετάφραση του: Sociology, 3rd ed. 
504 |a Βιβλιογραφία: σ. 739-756. 
650 0 |a Sociology. 
700 1 |a Τσαούσης, Δημήτριος Γ.,   |d 1931-  |e trl  |e edt 
770 0 8 |i Έχει συμπλήρωμα το:   |t Κοινωνιολογία :  
830 0 |a Βιβλιοθήκη κοινωνικής επιστήμης και κοινωνικής πολιτικής 
852 |a INST  |b CHIOS  |e 20041029  |h 301 GID  |p 005200023003  |q 005200023003  |t BK  |y 0 
852 |a INST  |b CHIOS  |e 20090921  |h 301 GID  |p 005200029763  |q 005200029763  |t BK  |y 0 
852 |a INST  |b CHIOS  |e 20100910  |h 301 GID  |p 005200031878  |q 005200031878  |t BK  |y 0 
852 |a INST  |b LEMNOS  |e 20100125  |h 301 GID  |p 005600000302  |q 005600000302  |t BK  |y 0 
852 |a INST  |b LESVOS  |e 20031013  |h 301 GID  |p 005100026733  |q 005100026733  |t BK  |y 0 
852 |a INST  |b LESVOS  |e 20100318  |h 301 GID  |p 005100046961  |q 005100046961  |t BK  |y 0 
852 |a INST  |b LESVOS  |e 20110401  |h 301 GID  |p 005100049182  |q 005100049182  |t BK  |y 4  |x 20220809 
852 |a INST  |b LESVOS  |e 20141105  |h 301 GID  |p 005100055063  |q 005100055063  |t BK  |y 0 
852 |a INST  |b RHODES  |e 20070509  |h 301 GID  |p 005400026610  |q 005400026610  |t BK  |y 0 
852 |a INST  |b RHODES  |e 20191111  |h 301 GID  |p 005400041257  |q 005400041257  |t BK  |y 0 
852 |a INST  |b SAMOS  |e 20091217  |h 301 GID  |p 005300030985  |q 005300030985  |t BK  |y 0 
852 |a INST  |b SYROS  |e 20040521  |h 301 GID  |p 005500002873  |q 005500002873  |t BK  |y 0 
852 |a INST  |b SYROS  |e 20040521  |h 301 GID  |p 005500002874  |q 005500002874  |t BK  |y 0 
852 |a INST  |b SYROS  |e 20040521  |h 301 GID  |p 005500002875  |q 005500002875  |t BK  |y 0 
852 |a INST  |b SYROS  |e 20040521  |h 301 GID  |p 005500002876  |q 005500002876  |t BK  |y 0 
852 |a INST  |b SYROS  |e 20040521  |h 301 GID  |p 005500002877  |q 005500002877  |t BK  |y 0 
901 |a BIBL3-2009-3 
901 |a BIBL5-2004-2 
901 |a BIBL1-2003-3 
901 |a BIBL2-2004-3 
901 |a BIBL2-2009-3 
901 |a BIBL6-2010-1 
901 |a BIBL1-2010-1 
901 |a BIBL2-2010-2 
901 |a BIBL1-2011-1 
970 |a Καρά  |b Γιασεμή  |z 13/10/2003